000
00244 a2200109 4500
001
50642
040
_c
Anchieta - Pituba
240
1
0
_a
Prima A1
_l
245
1
0
_a
Prima A1
650
4
_a
Línguas germânicas (teutônicas) língua alemã
942
_c
MU
999
_c
50642
_d
50642